000 01187nas a2200373 4500
001 BR0001894
003 BR-BrBNA
005 20231205101819.0
007 ta
008 230509b bl.|||p| |||| 00| 00por d
040 _aBR-BrBNA
_bpor
_cBiblioteca Nacional de Agricultura
041 _a(Pt)
072 _aL02; L51
100 1 _aRamos, P.R.
100 1 _aPrates, E.R.
100 1 _aFontanelli, R.S.
100 1 _aBarcellos, J.O.J.
100 1 _aLangwinski, D.L.
100 1 _aBonelli, I.B.
245 1 _aUso do bagaco de mandioca em substituicao ao milho no concentrado para bovinos em crescimento; 2: digestibilidade aparente, consumo de nutrientes digestiveis, ganho de peso e conversao alimentar
650 _aBovino
650 _aDieta
650 _aGanho de Peso
650 _aMilho
650 _aBagaco
650 _aConcentrado Proteico
650 _aDigestibilidade Aparente
650 _aNutriente
650 _aCrescimento
650 _aRio Grande do Sul
773 0 _tRevista Brasileira de Zootecnia (Brazil)
_xISSN 1516-3598
_g(Jan-Feb 2000), v. 29(1) p. 300-305
_wBR0001894
909 _a202311
_bLúcia
_c55
_dLúcia Elande
942 _2AGRIS
_n0
_cANA
999 _c164101
_d164101